00286nam a22000857a 4500100002900000245006900029260002700098300000900125650006600134 aHalar Ali Jumania17EL38 aModeling and Simulation of Power Inverter in Photovoltaic System aNawabshahbQUESTc2020 a47p. aPhotovoltaic Systema Power InverteraModeling and Simulation